Statistics for The James Bond Novels (8 of 12): Thunderball

Click here to take the quiz!

General Stats

  • This quiz has been taken 6 times
  • The average score is 6 of 15

Answer Stats

QuestionAnswer% Correct
Which evil genius is the introduced as the head of SPECTRE?Ernst Stavro Blofeld
100%
He was born in Gdynia, a port city in which modern day country?Poland
100%
What name is given to the joint CIA-MI6 operation to recover it?Operation {Thunderball}
83%
What ransom do SPECTRE demand as part of this scheme?${100,000,000}
67%
Which SPECTRE operative does Bond encounter at the health farm?Count Lippe
50%
What rank does he hold in the Italian Air Force?Colonel
33%
Which Italian pilot is involved in SPECTRE’s evil plot?Giuseppe Petacchi
33%
What is the name of the beautiful masseuse Bond gets involved with?Patricia Fearing
33%
Which health farm does Bond visit near the start of the novel?Shrublands
33%
A tattoo suggests a link to which Macau-based criminal organisation?The Red Lightning {Tong}
33%
Which nuclear-powered U.S. naval submarine do Bond and Leiter join?Manta
17%
SPECTRE organises the hijacking of which aircraft?The Villiers {Vindicator}
17%
What is the name of the manager and head naturopath?Joshua Wain
0%
What is the name of the estate near Nassau that Bond tours?Palmyra
0%
What name is given to the plan involving hijacking military aircraft?Plan {Omega}
0%

Score Distribution

Percentile by Number Answered

Percent of People with Each Score

Your Score History

You have not taken this quiz